Statistics for Speed Typing #10

Click here to take the quiz!

General Stats

  • This quiz has been taken 24 times
  • The average score is 82 of 100

Answer Stats

Answer8% Correct
100
100%
65
100%
66
100%
67
100%
68
100%
69
100%
70
100%
71
100%
72
100%
73
100%
74
100%
75
100%
76
100%
77
100%
78
100%
79
100%
80
100%
81
100%
82
100%
83
100%
84
100%
85
100%
86
100%
87
100%
88
100%
89
100%
90
100%
91
100%
92
100%
93
100%
94
100%
95
100%
96
100%
97
100%
98
100%
99
100%
59
95%
60
95%
61
95%
62
95%
63
95%
64
95%
42
89%
43
89%
44
89%
45
89%
46
89%
47
89%
48
89%
49
89%
50
89%
51
89%
52
89%
53
89%
54
89%
55
89%
56
89%
57
89%
58
89%
33
84%
34
84%
35
84%
36
84%
37
84%
38
84%
39
84%
40
84%
41
84%
27
79%
28
79%
29
79%
30
79%
31
79%
32
79%
23
74%
24
74%
25
74%
26
74%
22
68%
21
63%
18
58%
19
58%
20
58%
16
53%
17
53%
13
47%
14
47%
15
47%
12
42%
1
37%
10
37%
11
37%
2
37%
3
37%
4
37%
5
37%
6
37%
7
37%
8
37%
9
37%

Score Distribution

Percentile by Number Answered

Percent of People with Each Score

Your Score History

You have not taken this quiz